Formule 1 - Vainqueurs de chaque sprint de 2025 - Statistiques

Statistiques générales
  • Ce quiz a été pris 58 fois
  • Le résultat moyen est 6 sur 6
Statistiques - réponses
Courses Vainqueurs % Correct
Miami, Floride, États-Unis3 mai 2025 Lando Norris
100%
Losail, Qatar29 novembre 2025 Oscar Piastri
100%
Sao Paulo, Brésil 8 novembre 2025 Lando Norris
98%
Spa-Francorchamps, Belgique26 juillet 2025 Max Verstappen
96%
Austin, Texas, États-Unis18 octobre 2025 Max Verstappen
96%
Shanghai, Chine22 mars 2025 Lewis Hamilton
94%
Aucun quiz correspondant
Distribution des résultats
% des personnes avec chaque résultat
Percentile par nombre de réponses
Votre historique - résultats
Vous n’avez pas pris ce quiz